00583nam a22001697a 450000500170000000800410001702000230005804100080008108200150008910000200010411000420012424501400016626000520030630000260035850400100038465000190039420260506132843.0260506b |||||||| |||| 00| 0 eng d a9789041132239qhbk aeng a341.1 SAS aSasson, Monique aInternatinal Arbitration Law Library  aSubstantive Law in Investment Treaty Arbitration: bThe Unsettled Relationship Between International and Municipal Lawc/Monique Sasson aThe NetherlandsbKluwer Law Internationalc2010 axxxii, 264p. :c26cm. aindex aLaw of nations